000 01421nam a2200289 i 4500
001 168328
003 ES-MaACL
005 20250826033908.0
008 080312s2006 sp |||| | spa d
020 _a84-96411-06-0
080 _a272(063)
111 2 _aCongreso Internacional sobre Intolerancia e Inquisición
_d(2004.
_cMadrid.
_cSegovia)
_9151163
245 1 0 _aIntolerancia e Inquisición
_b: [actas del Congreso Internacional sobre Intolerancia e Inquisición, celebrado en Madrid y Segovia en 2004] /
_cedición de José Antonio Escudero.
260 _a[Madrid] :
_bSociedad Estatal de Conmemoraciones Culturales,
_c[2006]
300 _a3 v. (604, 494, 583 p.) ;
_c24 cm.
504 _aReferencias bibliográficas.
546 _aTextos en español, italiano, francés y portugués.
650 4 _aInquisición-
_vCongresos y asambleas.
_9137471
700 1 _aEscudero, José Antonio.
_947686
710 2 _aSociedad Estatal de Conmemoraciones Culturales (España)
_9134893
852 _aES-MaACL
_jA-12149
_9174835
_bR.143228
_cDEPO1
_dOlim: N-5154
_xDonación: José Luis Abellán
852 _aES-MaACL
_jA-12150
_9200566
_bR.143228
_cDEPO1
_dOlim: N-5155
_xDonación: José Luis Abellán
852 _aES-MaACL
_jA-12151
_9200567
_bR.143228
_cDEPO1
_dOlim: N-5156
_xDonación: José Luis Abellán
903 _aAbellán, José Luis,
_d1933-2023
_ednr
_q1
_9176509
942 _2udc
_cMONOGRAFIA
999 _c168328
_d168328